ბათუმის შოთა რუსთაველის სახელმწიფო უნივერსიტეტის ბიბლიოთეკა

II საერთაშორისო სიმპოზიუმი ლიტერატურათმცოდნეობის თანამედროვე პრობლემები = 2 nd International Symposium Contemporary issues of literary criticism : (ბიბ.ჩანაწერი № 60108)

000 -ლიდერი
ფიქსირებული სიგრძის საკონტროლო ველი 01349nam a22002057a 4500
003 - საკონტროლო ნომრის იდენტიფიკატორი
საკონტროლო ველი Ge_BSU
005 - ბოლო ოპერაციის თარიღი და დრო
საკონტროლო ველი 20230609104347.0
008 - ფიქსირებული სიგრძის მონაცემთა ელემენტები - ზოგადი ინფორმაცია
ფიქსირებული სიგრძის საკონტროლო ველი 230609s2008 ge ||||| |||| 00| 0 geo d
041 ## - ენის კოდი
Language code of text/sound track or separate title geo
080 ## - უნივერსალური ათობითი კლასიფიკაციის ინდექსი
Universal Decimal Classification number 82.0(063) ლ-68
245 ## - ცნობა სათაურის შესახებ
Title II საერთაშორისო სიმპოზიუმი ლიტერატურათმცოდნეობის თანამედროვე პრობლემები = 2 nd International Symposium Contemporary issues of literary criticism :
Remainder of title თეზისები /
Statement of responsibility, etc რედაქტორი ირმა რატიანი; შოთა რუსთაველის ქართული ლიტერატურის ინსტიტუტი.
264 ## - წარმოების, გამოცემის, დისტრიბუციის და სხვა ცნობები
გამოცემის, წარმოების, დისტრიბუციის... ადგილი თბილისი,
გამოცემის, წარმოების, დისტრიბუციის... თარიღი 2008.
300 ## - ფიზიკური აღწერა
Extent 255გვ. ;
Other physical details 20სმ.
500 ## - ზოგადი შენიშვნა
General note ეძღვნება სულხან საბა ორბელიანის დაბადებიდან 350-ე წლისთავს
501 ## - შენიშვნა თანმხლებ მასალაზე
With note თეზისები ქართ., ინგლ. და რუს.
653 ## - INDEX TERM--UNCONTROLLED
Uncontrolled term ლიტერატურათმცოდნეობა
653 ## - INDEX TERM--UNCONTROLLED
Uncontrolled term საერთაშორისო სიმპოზიუმები.
700 ## - ADDED ENTRY--PERSONAL NAME
Personal name რატიანი, ირმა
Relator term რედაქტორი
9 (RLIN) 5778
942 ## - ADDED ENTRY ELEMENTS (KOHA)
Source of classification or shelving scheme
Koha item type წიგნი

არაა ხელმისაწვდომი ეგზემპლარები.